蔵布都県に存在した全駅(地下鉄を含む) - Statistics

General Stats
  • This quiz has been taken 4 times
  • The average score is 40 of 47
Answer Stats
ヒント Answer % Correct
赤鐘橋
100%
蔵布都新都心
100%
槲原
100%
北東潮ノ目
100%
神矢四宮
100%
綴葉
100%
西綴葉
100%
城南八副
100%
北早塚
100%
蔵布都新都心
100%
西蔵布都
100%
北早塚
100%
城南八副
100%
城南
100%
八南
100%
県営地下鉄 蔵布都新都心
100%
蔵布都市
100%
潮ノ目
100%
HR 北早塚
100%
綴葉急行電鉄 尾井崎
100%
KR 新蔵布都市
75%
蔵布都二条
75%
蔵布都中央
75%
浦豊
75%
湊岸
75%
福永篠田
75%
湊岸港
75%
八蔵モノレール 東島原
75%
八都
75%
福永篠田
75%
免許センター前
75%
蔵川
75%
四宮
75%
綴葉温泉
75%
綴葉湯本
75%
吉慶望地下路線 眺賀
75%
栄崬
75%
棟高偤
75%
滞巨
75%
薬降簡易
75%
教習所前
75%
新早塚
75%
早塚中央
75%
西早塚
75%
My shopping Tower
75%
大原
50%
京革
50%
No matching quizzes found
Score Distribution
Percent of People with Each Score
Percentile by Number Answered
Your Score History
You have not taken this quiz